| 000 | 00855cam a2200265 i 4500 | ||
|---|---|---|---|
| 001 | 4647687 | ||
| 003 | NUST - PNEC | ||
| 005 | 20170116180825.0 | ||
| 008 | 800710s1980 nyua 001 0 eng | ||
| 010 | _a 79092402 | ||
| 020 | _a0878915184 | ||
| 040 |
_aDLC _cLIBRARY _dDLC |
||
| 050 | 0 | 0 |
_aQA184 _b.R47 1980 |
| 082 | 0 | 0 | _a512.5076 FOG |
| 100 |
_94296 _aFogiel, M. |
||
| 110 | 2 | _aResearch and Education Association. | |
| 245 | 1 | 4 |
_aThe linear algebra problem solver / _cstaff of Research and Education Association ; M. Fogiel, director. |
| 260 |
_aNew York, N.Y. : _bThe Association, _cc1980. |
||
| 300 |
_axii, 1012 p. : _bill. ; _c26 cm. |
||
| 500 | _aIncludes index. | ||
| 650 | 0 |
_aAlgebras, Linear _xProblems, exercises, etc. _xME |
|
| 700 | 1 |
_aFogiel, M. _q(Max) |
|
| 906 |
_a7 _bcbc _corignew _d2 _eopcn _f19 _gy-gencatlg |
||
| 942 |
_2ddc _cBK |
||
| 999 |
_c63847 _d63847 |
||